Trh práce a manažment ľudských zdrojov seminárne cvičenia

Enregistré dans:
Détails bibliographiques
Auteur principal: Antalová, Mária, 1952-
Collectivité auteur: Ekonomická univerzita v Bratislave. Národohospodárska fakulta
Format: Livre
Langue:slovaque
Publié: Bratislava Vydavateľstvo EKONÓM 2005
Sujets:
Tags: Ajouter un tag
Pas de tags, Soyez le premier à ajouter un tag!

MARC

LEADER 00000nam a2200000 4500
001 0026371
005 20240502071425.6
020 |a 80-225-1954-5 
041 0 |a slo 
044 |a SK 
245 1 0 |a Trh práce a manažment ľudských zdrojov  |b seminárne cvičenia  |c Mária Antalová 
264 1 |a Bratislava  |b Vydavateľstvo EKONÓM  |c 2005 
300 |a 176 s. 
610 2 0 |a trh práce 
610 2 0 |a zdroje ľudské 
610 2 0 |a riadenie 
610 2 0 |a manažment 
610 2 0 |a kapitál ľudský 
610 2 0 |a nezamestnanosť 
610 2 0 |a politika sociálna 
610 2 0 |a manažment personálny 
610 2 0 |a osobnosť 
610 2 0 |a organizácia 
610 2 0 |a podnik 
610 2 0 |a štruktúra organizačná 
610 2 0 |a manažéri 
610 2 0 |a pracovníci 
610 2 0 |a motivácia pracovná 
610 2 0 |a komunikácia 
610 2 0 |a riadenie personálne 
100 1 |a Antalová, Mária, 1952- 
710 2 |a Ekonomická univerzita v Bratislave. Národohospodárska fakulta